| 000 | 00711cam a2200217 a 4500 | ||
|---|---|---|---|
| 005 | 20240612064140.0 | ||
| 008 | 191126s2019 mx ao br 000 0 spa d | ||
| 020 | _a9786075511320 | ||
| 035 | _aUPN01000234310 | ||
| 040 |
_aMX-MxUPN _bspa _cMX-MxUPN |
||
| 050 | 4 |
_aLB1584 _bM66 2019 |
|
| 245 | 0 | 0 |
_aFormación cívica y ética : _bsexto grado |
| 250 | _aSegunda edición | ||
| 260 |
_aMéxico : _bSEP, Dirección General de Materiales Educativos , _c2019. |
||
| 300 |
_a199 páginas : _bilustraciones a color |
||
| 650 | 4 |
_aCivismo _xEstudio y enseñanza (Elemental) _92807 |
|
| 650 | 4 |
_aÉtica _xEstudio y enseñanza (Elemental) _915780 |
|
| 905 | _aLibro | ||
| 942 |
_2lcc _cLIBRO |
||
| 999 |
_c206405 _d206405 |
||